| 000 | 01027cam a2200265 4500 | ||
|---|---|---|---|
| 001 | WB3734-14 | ||
| 008 | 010911n2001 000 0 eng u | ||
| 035 | _a(Sirsi) u114531 | ||
| 245 | _aWebsite Yells about climate dangers | ||
| 260 | _c2001 | ||
| 490 |
_aNegotiator _v16(18) 7 September 2001, 8(1) |
||
| 520 | _aYell.com has joined forces with Homecheck.co.uk to inform potential housebuyers about environmental risks in their area such as flooding, landfill, and pollutants. The agreement with Homecheck will help Yell deliver a one-stop-shop of property information and should help more housebuyers make informed decisions. | ||
| 590 | _aWB | ||
| 650 | _aENVIRONMENTAL RISKS | ||
| 650 | _aENVIRONMENT ACT 1995 | ||
| 650 | _aLANDFILL | ||
| 650 | _aPOLLUTION | ||
| 650 | _aFLOODING | ||
| 650 | _aHOMECHECK | ||
| 650 | _aWEBSITES | ||
| 650 | _aHOUSE BUYERS | ||
| 650 | _aPROPERTY-RESIDENTIAL PROPERTY-ACQUISITION AND DISPOSAL OF RESIDENTIAL PROPERTY | ||
| 690 | _aENVIRONMENT-CONTAMINATION | ||
| 942 | _n0 | ||
| 999 |
_c68236 _d68236 |
||